Food Typing Challenge Quiz Stats

 Plays Quiz Updated Jan 18, 2017

Support Sporcle.
Go Orange.
Score 0/46 Timer 01:00
40 Plays Today
Food Typed Food % Correct
????
100%
????
99%
????
98.3%
????
97.7%
????
97.1%
????
96.7%
????
96.3%
????
96%
????
95.6%
????
95.2%
????
94.8%
????
94.5%
????
94.2%
????
93.8%
????
93.5%
????
93%
????
92.6%
????
92.1%
????
91.6%
????
91.1%
????
90.5%
????
89.9%
????
89.2%
Food Typed Food % Correct
????
88.1%
????
87%
????
85.9%
????
84.6%
????
83.2%
????
81.7%
????
79%
????
76.4%
????
73.5%
????
70.6%
????
66.7%
????
62.5%
????
58.6%
????
54.5%
????
49.8%
????
43.7%
????
38.4%
????
33.1%
????
26.9%
????
20%
????
13.9%
????
8.4%
????
4.2%

You're not logged in!

Compare scores with friends on all Sporcle quizzes.
OR
Log In
Forgot?

From the Vault

Dragon Type Pokémon

by langendoen123

More than one of these have the world 'Dragon' right in their name, so this should be simple.
Remove Ads.
Support Sporcle.
Get the best of Sporcle when you Go Orange. This ad-free experience offers more features, more stats, and more fun while also helping to support Sporcle. Thank you for becoming a member.

Show Comments

Extras

Top Quizzes Today


Score Distribution

Your Account Isn't Verified!

In order to create a playlist on Sporcle, you need to verify the email address you used during registration. Go to your Sporcle Settings to finish the process.

Report this User

Report this user for behavior that violates our Community Guidelines.

Details: